| 000 | 01173cam a22003375a 4500 | ||
|---|---|---|---|
| 001 | 20432744 | ||
| 003 | EG-ScBUE | ||
| 005 | 20220208094057.0 | ||
| 008 | 180404t2018 ua a f b 001 0 eng d | ||
| 020 | _a9789774167942 | ||
| 040 |
_aDLC _beng _erda _cDLC _dEG-ScBUE _dEG-ScBUE |
||
| 043 | _af-ua--- | ||
| 082 | 0 | 4 |
_a330.0962 _bIKR _222 |
| 100 | 1 |
_aIkram, Khalid, _d1938- _eauthor. _927350 |
|
| 245 | 1 | 4 |
_aThe political economy of reforms in Egypt : _bissues and policymaking since 1952 / _cKhalid Ikram. |
| 264 | 1 |
_aCairo ; _aNew York : _bThe American University in Cairo Press, _c[2018] |
|
| 264 | 4 | _cc2018 | |
| 300 |
_axx, 428 pages : _billustrations ; _c24 cm |
||
| 336 |
_2rdacontent _atext _btxt |
||
| 337 |
_2rdamedia _aunmediated _bn |
||
| 338 |
_2rdacarrier _avolume _bnc |
||
| 504 | _aIncludes bibliographical references and index. | ||
| 650 | 7 |
_aEconomics _zEgypt. _2BUEsh |
|
| 650 | 7 |
_aEconomic development _zEgypt. _2BUEsh |
|
| 651 | 7 |
_aEgypt _xEconomic conditions. _2BUEsh _927436 |
|
| 651 | 7 |
_aEgypt _xEconomic policy. _2BUEsh |
|
| 653 |
_bBUSECO _cSeptember2018 _cFebruary2019 |
||
| 655 |
_vText book _933728 |
||
| 942 |
_2ddc _cBB |
||
| 999 |
_c26843 _d26815 |
||